Reordenamiento vial en el casco central del cantón de Garabito
Guardat en:
| Autor principal: | |
|---|---|
| Format: | Llibre |
| Idioma: | Spanish |
| Publicat: |
[San José], Costa Rica
2016
|
| Matèries: | |
| Etiquetes: |
Afegir etiqueta
Sense etiquetes, Sigues el primer a etiquetar aquest registre!
|
MARC
| LEADER | 00000nam a22000007a 4500 | ||
|---|---|---|---|
| 003 | 012523 | ||
| 005 | 20221231144142.0 | ||
| 008 | 170131b201 cr a|||| m||| 00| ||spa d | ||
| 040 | |c cru CEDI | ||
| 090 | |a TFG 7674 | ||
| 100 | |9 6687 |a Rojas Montero, Kevin Allan | ||
| 245 | |a Reordenamiento vial en el casco central del cantón de Garabito | ||
| 260 | |a [San José], Costa Rica |c 2016 | ||
| 300 | |a xviii, 199[57] hojas; ilustraciones a color, mapas | ||
| 500 | |a Proyecto de graduación (licenciatura en ingeniería civil)--Universidad de Costa Rica. Facultad de Ingeniería. Escuela de Ingeniería Civil | ||
| 650 | |x REGLAMENTOS DEL TRANSITO |x SEÑALES DE TRANSITO |x SEGURIDAD VIAL |x INGENIERÍA DEL TRÁNSITO |x GARABITO( PUNTARENAS, COSTA RICA) |9 6688 | ||
| 942 | |c TFG | ||
| 999 | |c 17640 |d 17640 | ||
